Komunitný systém terapie mladých toxikomanov v Centre Torinese di Solidarieta (Turín)

Podrobná bibliografia
Hlavný autor: Kollárik, Teodor, 1945-2021 (Autor)
Médium: Článok
Jazyk:slovenčina
Predmet:

MARC

LEADER 00000nab a2200000 a 4500
001 vtls000553350
003 SK-MaSNL
005 20260304210405.0
008 250425c1992 xo 0 slo
015 |a SNBRB19rr/mm-uuuuu 
035 |a CL0553488 
035 |a urn:nbn:sk:snk-ab2tg7 
035 |a (urnnbn)urn:nbn:sk:snk:ar-a02wx0 
035 |a (uuid)55587f47-b2e8-4d5f-8eb7-2357a43342e0 
040 |a SNKBUCL  |b slo  |c SNKBUCL  |e AACR2 
041 0 |a slo 
044 |a xo  |c SK 
080 |a 615.851:613.83  |2 1981 
080 |a 613.83  |2 1981 
100 1 |a Kollárik, Teodor,  |d 1945-2021  |4 aut  |9 201444 
245 1 0 |a Komunitný systém terapie mladých toxikomanov v Centre Torinese di Solidarieta (Turín)  |c Teodor Kollárik 
650 0 7 |a drogová závislosť  |2 snkbucl  |9 1551 
650 0 7 |a psychoterapia  |2 snkbucl  |9 2575 
655 7 |a články z novín a časopisov  |2 snkbucl  |9 267496 
773 0 |t Psychológia a patopsychológia dieťaťa  |g Roč. 27, č. 1 (1992), s. 88-90 
850 |a Slovenská národná knižnica 
852 |a Slovenská národná knižnica 
954 |a odborná, vedecká literatúra pôvodná (slovenská)  |2 lita 
958 |a article2022 
958 |a RK 
958 |a MI 
958 |a NX 
958 |a OND 
958 |a EUIPO 
992 |a RBX 
999 |c 3125885  |d 3127815